| 000 | 00000nam##2200000za#4500 |
| 001 | 9.616000 |
| 003 | CaOODSP |
| 005 | 20210615101359 |
| 007 | ta |
| 008 | 150406|2003||||xxc||||| f|0| 0 eng|d |
| 020 | |a0-660-18898-8 |
| 022 | |a0706-7313 |
| 040 | |aCaOODSP|beng |
| 043 | |an-cn--- |
| 086 | 1 |aA42-42/23-2003E |
| 110 | 2 |aNational Research Council Canada. |
| 245 | 14|aThe orb-weaving spiders of Canada and Alaska (Araneae: Uloboridae, Tetragnathidae, Araneidae, Theridiosomatidae) / |cby Charles D. Dondale ... et al. |
| 260 | |aOttawa - Ontario : |bNational Research Council |c2003. |
| 300 | |avi, 371p. : |bfigs., maps, references, index ; |c23 cm. |
| 490 | 1 |aThe insects and arachnids of Canada|x0706-7313|vPart 23 |
| 500 | |aContent: Definition of orb-weaving spiders.--Nature of orb webs.--Production and uses of silk.--Venoms.--Habitats and diets.--Reproduction.--Family Uloboridae.--Family Tetragnathidae.--Family Araneidae.--Family Theridiosomatidae. |
| 520 | 3 |aThis manual is part of a series on research on insects and spiders in Canada and neighbouring regions. Manuals provide descriptions, maps, illustrations, taxonomic keys to identify species, and information on collecting and preserving methods. These guides are intended for both professional biologists and amateur naturalists. |
| 563 | |aSoftcover |
| 590 | |a03-26|b2003-06-27 |
| 690 | 07|aArachnids|2gcpds |
| 690 | 07|aInsects|2gcpds |
| 720 | 1 |aDondale, Charles D. |
| 830 | #0|aThe insects and arachnids of Canada,|x0706-7313|vPart 23|w(CaOODSP)9.514402 |